[Event "Prague Open 2022 - A IM Open"]
[Site "Olympik hotel, Prague"]
[Date "2022.01.13"]
[Round "8"]
[Board "9"]
[White "Soucek, Petr"]
[Black "Torngren, Gustav"]
[Result "0-1"]
[WhiteElo "2144"]
[BlackElo "2245"]
[PlyCount "0"]
[EventDate "2022.01.07"]
[EventRounds "9"]
[EventCountry "CZE"]

1. e4 {[%clk 1:30:53]} e5 {[%clk 1:15:23]} 2. Nf3 {[%clk 1:31:12]} Nc6
{[%clk 1:15:30]} 3. Bb5 {[%clk 1:30:56]} a6 {[%clk 1:15:43]} 4. Ba4
{[%clk 1:31:21]} Nf6 {[%clk 1:16:04]} 5. d3 {[%clk 1:31:24]} Bd6 {[%clk 1:15:48]}
6. c3 {[%clk 1:30:34]} O-O {[%clk 1:16:06]} 7. O-O {[%clk 1:30:46]} Re8
{[%clk 1:16:29]} 8. Nbd2 {[%clk 1:30:44]} Bf8 {[%clk 1:16:40]} 9. Re1
{[%clk 1:30:17]} b5 {[%clk 1:16:46]} 10. Bc2 {[%clk 1:30:20]} d5 {[%clk 1:16:49]}
11. Nf1 {[%clk 1:26:52]} Bb7 {[%clk 1:06:15]} 12. Qe2 {[%clk 1:18:14]} dxe4
{[%clk 0:57:23]} 13. dxe4 {[%clk 1:18:22]} Na5 {[%clk 0:53:11]} 14. Bg5
{[%clk 1:06:08]} h6 {[%clk 0:52:42]} 15. Rad1 {[%clk 1:06:04]} Qe7
{[%clk 0:52:49]} 16. Bc1 {[%clk 1:00:49]} Qe6 {[%clk 0:52:34]} 17. Bb1
{[%clk 0:49:04]} Nc4 {[%clk 0:49:44]} 18. N3d2 {[%clk 0:47:35]} Nd6
{[%clk 0:49:21]} 19. Ng3 {[%clk 0:45:49]} Nd7 {[%clk 0:47:17]} 20. Nf5
{[%clk 0:40:38]} Nc5 {[%clk 0:47:07]} 21. Nxd6 {[%clk 0:40:47]} Bxd6
{[%clk 0:40:25]} 22. Nf1 {[%clk 0:39:12]} Be7 {[%clk 0:38:04]} 23. Ng3
{[%clk 0:36:59]} Rad8 {[%clk 0:36:17]} 24. Nf5 {[%clk 0:31:41]} Bf8
{[%clk 0:36:35]} 25. f3 {[%clk 0:30:52]} Kh7 {[%clk 0:36:15]} 26. Rxd8
{[%clk 0:27:39]} Rxd8 {[%clk 0:34:33]} 27. Rd1 {[%clk 0:26:48]} Qe8
{[%clk 0:34:26]} 28. Bc2 {[%clk 0:23:57]} Ne6 {[%clk 0:29:06]} 29. g3
{[%clk 0:21:49]} c6 {[%clk 0:28:24]} 30. Kg2 {[%clk 0:19:20]} g6 {[%clk 0:28:34]}
31. Ne3 {[%clk 0:19:35]} h5 {[%clk 0:28:59]} 32. Bb3 {[%clk 0:18:26]} Bc8 33. Nf1
{[%clk 0:14:12]} Bc5 {[%clk 0:27:45]} 34. Be3 {[%clk 0:13:51]} Rxd1
{[%clk 0:26:54]} 35. Qxd1 {[%clk 0:13:48]} Qe7 {[%clk 0:26:45]} 36. Qd3
{[%clk 0:12:22]} Kg7 {[%clk 0:25:59]} 37. h4 {[%clk 0:09:17]} Bxe3
{[%clk 0:16:37]} 38. Qxe3 {[%clk 0:06:03]} Nc5 {[%clk 0:15:53]} 39. Qd2
{[%clk 0:05:10]} a5 {[%clk 0:06:25]} 40. Kf2 {[%clk 0:03:07]} Nxb3
{[%clk 0:01:42]} 41. axb3 {[%clk 0:03:27]} Be6 {[%clk 0:01:56]} 42. b4
{[%clk 0:00:48]} a4 {[%clk 0:25:17]} 43. Kg2 {[%clk 0:19:45]} Kf8
{[%clk 0:19:50]} 44. Kf2 {[%clk 0:17:36]} Bb3 {[%clk 0:18:09]} 45. Ne3
{[%clk 0:15:12]} Ke8 {[%clk 0:18:04]} 46. Nf1 {[%clk 0:14:29]} Bc4
{[%clk 0:18:03]} 47. Ne3 {[%clk 0:14:20]} Be6 {[%clk 0:18:31]} 48. Nc2
{[%clk 0:13:53]} Bb3 {[%clk 0:17:50]} 49. Ne3 {[%clk 0:13:02]} Qe6
{[%clk 0:18:07]} 50. Kg2 {[%clk 0:11:12]} Ke7 {[%clk 0:18:16]} 51. Nf1
{[%clk 0:09:21]} Bc4 {[%clk 0:16:56]} 52. Ne3 {[%clk 0:09:24]} Ba2
{[%clk 0:17:25]} 53. Nc2 {[%clk 0:08:11]} Ke8 {[%clk 0:17:23]} 54. Ne1
{[%clk 0:07:32]} Bc4 {[%clk 0:17:05]} 55. Nc2 {[%clk 0:07:42]} Qe7
{[%clk 0:17:00]} 56. Ne3 {[%clk 0:07:38]} Be6 {[%clk 0:17:10]} 57. Nf1
{[%clk 0:07:31]} Kf8 {[%clk 0:17:06]} 58. Qh6+ {[%clk 0:07:25]} Kg8
{[%clk 0:17:21]} 59. Qd2 {[%clk 0:07:41]} Kh7 {[%clk 0:17:25]} 60. Kf2
{[%clk 0:07:36]} Kg7 {[%clk 0:17:52]} 61. Kg2 {[%clk 0:07:35]} Kh7
{[%clk 0:17:38]} 62. Kf2 {[%clk 0:07:59]} f6 {[%clk 0:16:22]} 63. Qd1
{[%clk 0:06:02]} Kg7 {[%clk 0:15:41]} 64. Qd2 {[%clk 0:06:29]} Bf7
{[%clk 0:15:53]} 65. Kg2 {[%clk 0:06:38]} Qe6 {[%clk 0:15:54]} 66. Ne3
{[%clk 0:05:03]} Qa2 {[%clk 0:15:58]} 67. Qc2 {[%clk 0:04:11]} Bb3
{[%clk 0:15:24]} 68. Qf2 {[%clk 0:04:34]} Bf7 {[%clk 0:13:01]} 69. Qc2
{[%clk 0:04:43]} Kh7 {[%clk 0:12:33]} 70. Qf2 {[%clk 0:04:41]} Qb1
{[%clk 0:12:20]} 71. Qd2 {[%clk 0:04:50]} Kg7 {[%clk 0:12:04]} 72. Nd1
{[%clk 0:04:46]} Be6 {[%clk 0:10:48]} 73. Ne3 {[%clk 0:04:14]} Kf7
{[%clk 0:10:42]} 74. Nd1 {[%clk 0:04:16]} Ke7 {[%clk 0:11:11]} 75. Ne3
{[%clk 0:04:41]} Qa2 {[%clk 0:11:22]} 76. Qc2 {[%clk 0:04:58]} Bb3
{[%clk 0:10:18]} 77. Qf2 {[%clk 0:05:24]} Be6 {[%clk 0:10:02]} 78. Qc2
{[%clk 0:05:47]} g5 {[%clk 0:08:18]} 79. Qf2 {[%clk 0:04:33]} Qb1
{[%clk 0:05:59]} 80. Qc2 {[%clk 0:02:32]} Qe1 {[%clk 0:06:04]} 81. Qf2
{[%clk 0:01:59]} Bh3+ {[%clk 0:06:24]}  0-1

[Event "Prague Open 2022 - A IM Open"]
[Site "Olympik hotel, Prague"]
[Date "2022.01.13"]
[Round "8"]
[Board "12"]
[White "Blahynka, Martin"]
[Black "Kudrytskyi, Stanislav"]
[Result "1-0"]
[WhiteElo "2391"]
[BlackElo "2057"]
[PlyCount "0"]
[EventDate "2022.01.07"]
[EventRounds "9"]
[EventCountry "CZE"]

1. c4 {[%clk 1:28:16]} e5 {[%clk 1:30:23]} 2. Nc3 {[%clk 1:28:41]} Bb4
{[%clk 1:30:49]} 3. Nd5 {[%clk 1:28:53]} Bc5 {[%clk 1:31:16]} 4. e3
{[%clk 1:29:09]} c6 {[%clk 1:31:29]} 5. Nc3 {[%clk 1:28:50]} Nf6 {[%clk 1:31:25]}
6. a3 {[%clk 1:25:10]} d5 {[%clk 1:30:20]} 7. cxd5 {[%clk 1:21:32]} cxd5
{[%clk 1:30:38]} 8. d4 {[%clk 1:21:30]} exd4 {[%clk 1:30:23]} 9. exd4
{[%clk 1:21:54]} Be7 {[%clk 1:29:32]} 10. Bd3 {[%clk 1:17:19]} O-O
{[%clk 1:27:59]} 11. Nge2 {[%clk 1:17:40]} Na6 {[%clk 1:25:08]} 12. O-O
{[%clk 1:15:59]} Nc7 {[%clk 1:24:01]} 13. Bf4 {[%clk 1:09:14]} Bd7
{[%clk 1:18:21]} 14. h3 {[%clk 1:00:39]} Bc6 {[%clk 1:15:46]} 15. b4
{[%clk 0:58:38]} a6 {[%clk 1:15:32]} 16. Qb3 {[%clk 0:54:49]} Qd7
{[%clk 1:00:30]} 17. Rfe1 {[%clk 0:46:04]} b5 {[%clk 0:45:40]} 18. Be5
{[%clk 0:37:39]} Nfe8 {[%clk 0:42:46]} 19. Nf4 {[%clk 0:32:16]} Rd8
{[%clk 0:27:00]} 20. Nce2 {[%clk 0:21:07]} Nd6 {[%clk 0:25:05]} 21. Qc2
{[%clk 0:16:01]} g6 {[%clk 0:21:09]} 22. Ng3 {[%clk 0:13:13]} Nc4
{[%clk 0:10:50]} 23. Nfh5 {[%clk 0:05:00]} f5 {[%clk 0:03:42]} 24. Nf4
{[%clk 0:01:33]} Bd6 {[%clk 0:02:58]} 25. Bxc4 {[%clk 0:01:05]} dxc4
{[%clk 0:03:21]} 26. d5 {[%clk 0:00:57]} Bxd5 {[%clk 0:01:52]} 27. Rad1
{[%clk 0:01:20]} Bxe5 {[%clk 0:01:59]} 28. Rxe5 {[%clk 0:01:46]} Qg7
{[%clk 0:00:41]} 29. Rexd5 {[%clk 0:01:48]} Nxd5 {[%clk 0:01:10]} 30. Rxd5
{[%clk 0:00:44]} Rxd5 {[%clk 0:01:27]} 31. Nxd5 {[%clk 0:01:10]} Qe5
{[%clk 0:01:47]} 32. Nc3 {[%clk 0:00:55]} Rd8 {[%clk 0:02:08]} 33. Nge2
{[%clk 0:00:58]} Rd3 {[%clk 0:02:16]} 34. a4 {[%clk 0:00:39]} f4 {[%clk 0:01:23]}
35. axb5 {[%clk 0:00:39]} axb5 {[%clk 0:01:09]} 36. f3 {[%clk 0:00:55]} Qe3+
{[%clk 0:01:19]} 37. Kf1 {[%clk 0:00:36]} Qe5 {[%clk 0:01:19]} 38. Qc1
{[%clk 0:00:46]} g5 {[%clk 0:01:40]} 39. Qa1 {[%clk 0:00:46]} Qe7
{[%clk 0:00:41]} 40. Qa8+ {[%clk 0:00:41]} Kg7 {[%clk 0:01:05]} 41. Qa1
{[%clk 0:27:11]} Kg8 {[%clk 0:30:39]} 42. Ne4 {[%clk 0:15:57]} Qxb4
{[%clk 0:27:36]} 43. Kg1 {[%clk 0:11:31]} Qe7 {[%clk 0:19:15]} 44. Qa6
{[%clk 0:11:03]} Qe5 {[%clk 0:12:46]} 45. Kh2 {[%clk 0:09:45]} Kg7
{[%clk 0:12:12]} 46. Qb7+ {[%clk 0:09:14]} Kg8 {[%clk 0:10:59]} 47. Qa8+
{[%clk 0:08:46]} Kg7 {[%clk 0:11:19]} 48. Qa7+ {[%clk 0:08:52]} Kg8
{[%clk 0:11:29]} 49. Qa5 {[%clk 0:09:02]} h5 {[%clk 0:08:26]} 50. Qa8+
{[%clk 0:05:15]} Kg7 {[%clk 0:08:51]} 51. Qb7+ {[%clk 0:05:39]} Kg8
{[%clk 0:07:10]} 52. Qc8+ {[%clk 0:06:03]} Kg7 {[%clk 0:07:34]} 53. h4
{[%clk 0:03:57]} gxh4 {[%clk 0:01:27]} 54. Ng1 {[%clk 0:04:23]} Qe7
{[%clk 0:00:34]} 55. Nh3 {[%clk 0:03:28]} Rd5 {[%clk 0:00:33]} 56. Nxf4
{[%clk 0:01:12]} Qe5 {[%clk 0:00:58]} 57. Qb7+ {[%clk 0:01:29]} Kf8
{[%clk 0:00:45]} 58. Qxd5 {[%clk 0:01:19]} Qxf4+ {[%clk 0:01:09]} 59. Kh3
{[%clk 0:01:24]} Qb8 {[%clk 0:00:32]} 60. Qf5+ {[%clk 0:00:37]} Ke7
{[%clk 0:00:54]} 61. Qf6+ {[%clk 0:00:46]} Kd7 {[%clk 0:01:18]} 62. Nc5+
{[%clk 0:01:09]} Ke8 {[%clk 0:01:04]} 63. Qh8+ {[%clk 0:01:33]}  1-0

[Event "Prague Open 2022 - A IM Open"]
[Site "Olympik hotel, Prague"]
[Date "2022.01.13"]
[Round "8"]
[Board "13"]
[White "Cornelisse, John"]
[Black "Fus, Jakub"]
[Result "0-1"]
[WhiteElo "2174"]
[BlackElo "2385"]
[PlyCount "0"]
[EventDate "2022.01.07"]
[EventRounds "9"]
[EventCountry "CZE"]

1. d4 {[%clk 1:30:56]} Nf6 {[%clk 1:24:30]} 2. c4 {[%clk 1:31:16]} e6
{[%clk 1:24:37]} 3. Nc3 {[%clk 1:31:36]} Bb4 {[%clk 1:24:37]} 4. e3
{[%clk 1:31:35]} O-O {[%clk 1:24:35]} 5. Bd3 {[%clk 1:31:25]} c5 {[%clk 1:24:37]}
6. Nf3 {[%clk 1:31:19]} Nc6 {[%clk 1:24:38]} 7. O-O {[%clk 1:31:00]} Bxc3
{[%clk 1:24:46]} 8. bxc3 {[%clk 1:31:23]} d6 {[%clk 1:24:55]} 9. Re1
{[%clk 1:30:04]} e5 {[%clk 1:13:05]} 10. d5 {[%clk 1:23:19]} Ne7 {[%clk 1:06:47]}
11. Nd2 {[%clk 1:21:14]} Ng6 {[%clk 1:06:09]} 12. g3 {[%clk 1:16:11]} Re8
{[%clk 1:04:32]} 13. e4 {[%clk 1:14:37]} h6 {[%clk 1:04:12]} 14. Nf1
{[%clk 1:14:03]} Nh7 {[%clk 0:53:21]} 15. Ne3 {[%clk 1:10:13]} Ne7
{[%clk 0:51:31]} 16. f4 {[%clk 0:58:55]} exf4 {[%clk 0:51:05]} 17. gxf4
{[%clk 0:59:18]} Ng6 {[%clk 0:50:09]} 18. Ng2 {[%clk 0:57:31]} Qf6
{[%clk 0:45:28]} 19. Qc2 {[%clk 0:48:50]} Bh3 {[%clk 0:41:34]} 20. Rf1
{[%clk 0:47:01]} Nhf8 {[%clk 0:37:14]} 21. Rf2 {[%clk 0:41:22]} Nh4
{[%clk 0:34:09]} 22. Nxh4 {[%clk 0:39:01]} Qxh4 {[%clk 0:34:22]} 23. Be3
{[%clk 0:23:27]} Nd7 {[%clk 0:23:31]} 24. Rf3 {[%clk 0:23:27]} Nf6
{[%clk 0:14:44]} 25. Kh1 {[%clk 0:15:39]} Bg4 {[%clk 0:12:42]} 26. Rff1
{[%clk 0:12:44]} Qh3 {[%clk 0:12:35]} 27. Rae1 {[%clk 0:04:12]} Bf3+
{[%clk 0:13:18]} 28. Rxf3 {[%clk 0:02:08]} Qxf3+  0-1

[Event "Prague Open 2022 - A IM Open"]
[Site "Olympik hotel, Prague"]
[Date "2022.01.13"]
[Round "8"]
[Board "14"]
[White "Grutter, Tim"]
[Black "Acor, Corey"]
[Result "1/2-1/2"]
[WhiteElo "2194"]
[BlackElo "2303"]
[PlyCount "0"]
[EventDate "2022.01.07"]
[EventRounds "9"]
[EventCountry "CZE"]

1. e4 {[%clk 1:30:58]} e5 {[%clk 1:27:23]} 2. Nf3 {[%clk 1:31:21]} Nc6
{[%clk 1:27:48]} 3. Bb5 {[%clk 1:31:46]} a6 {[%clk 1:26:37]} 4. Ba4
{[%clk 1:32:09]} Nf6 {[%clk 1:26:29]} 5. O-O {[%clk 1:32:33]} Nxe4
{[%clk 1:26:47]} 6. d4 {[%clk 1:30:48]} b5 {[%clk 1:27:03]} 7. Bb3
{[%clk 1:31:05]} d5 {[%clk 1:27:22]} 8. dxe5 {[%clk 1:31:24]} Be6
{[%clk 1:27:46]} 9. c3 {[%clk 1:28:55]} Bc5 {[%clk 1:28:02]} 10. Qd3
{[%clk 1:21:29]} O-O {[%clk 1:20:30]} 11. Nbd2 {[%clk 1:16:47]} Nxf2
{[%clk 1:09:36]} 12. Rxf2 {[%clk 1:15:09]} Bxf2+ {[%clk 1:09:58]} 13. Kxf2
{[%clk 1:15:26]} f6 {[%clk 1:10:05]} 14. exf6 {[%clk 1:08:48]} Qxf6
{[%clk 1:10:13]} 15. Kg1 {[%clk 0:54:17]} Rad8 {[%clk 1:09:24]} 16. h3
{[%clk 0:44:34]} Bf5 {[%clk 0:55:04]} 17. Qe2 {[%clk 0:42:35]} h6
{[%clk 0:52:09]} 18. Ne4 {[%clk 0:35:27]} Qg6 {[%clk 0:37:03]} 19. Nh4
{[%clk 0:31:17]} Qe6 {[%clk 0:32:24]} 20. Ng3 {[%clk 0:20:42]} Qxe2
{[%clk 0:27:59]} 21. Nxe2 {[%clk 0:21:09]} Bd3 {[%clk 0:28:12]} 22. Nf4
{[%clk 0:20:43]} Bc4 {[%clk 0:26:14]} 23. Nhg6 {[%clk 0:18:28]} Rf6
{[%clk 0:24:22]} 24. Be3 {[%clk 0:15:56]} Rdd6 {[%clk 0:16:39]} 25. Bc2
{[%clk 0:12:12]} d4 {[%clk 0:17:02]} 26. cxd4 {[%clk 0:12:06]} Nxd4
{[%clk 0:17:12]} 27. Bxd4 {[%clk 0:12:15]} Rxd4 {[%clk 0:17:40]} 28. Re1
{[%clk 0:11:14]} Rdxf4 {[%clk 0:05:32]} 29. Re8+ {[%clk 0:08:17]} Rf8
{[%clk 0:06:00]} 30. Ne7+ {[%clk 0:07:19]} Kh8 {[%clk 0:06:17]} 31. Ng6+
{[%clk 0:07:39]} Kg8 {[%clk 0:06:44]} 32. Nxf8 {[%clk 0:06:59]} Rxf8
{[%clk 0:06:34]} 33. Bh7+ {[%clk 0:07:21]} Kf7 {[%clk 0:06:38]} 34. Bg6+
{[%clk 0:07:39]} Kg8 {[%clk 0:06:57]} 35. Bh7+ {[%clk 0:07:30]} Kf7
{[%clk 0:07:25]} 36. Bg6+ {[%clk 0:07:51]}  1/2-1/2

[Event "Prague Open 2022 - A IM Open"]
[Site "Olympik hotel, Prague"]
[Date "2022.01.13"]
[Round "8"]
[Board "15"]
[White "Unneland, Mathias"]
[Black "Azhar, Puteri Munajjah Az-Zahraa"]
[Result "1-0"]
[WhiteElo "2262"]
[BlackElo "2052"]
[PlyCount "0"]
[EventDate "2022.01.07"]
[EventRounds "9"]
[EventCountry "CZE"]

1. e4 {[%clk 1:30:44]} e5 {[%clk 1:30:51]} 2. Nf3 {[%clk 1:31:00]} Nc6
{[%clk 1:31:06]} 3. Bc4 {[%clk 1:30:58]} d6 {[%clk 1:20:40]} 4. d4
{[%clk 1:30:56]} exd4 {[%clk 1:20:48]} 5. Nxd4 {[%clk 1:31:19]} Nxd4
{[%clk 1:04:49]} 6. Qxd4 {[%clk 1:31:40]} Qf6 {[%clk 1:05:16]} 7. Qd3
{[%clk 1:30:04]} Qg6 {[%clk 0:59:18]} 8. O-O {[%clk 1:29:18]} Nf6
{[%clk 0:59:28]} 9. Nc3 {[%clk 1:28:46]} Be7 {[%clk 0:58:54]} 10. f4
{[%clk 1:26:27]} h5 {[%clk 0:46:37]} 11. f5 {[%clk 1:24:57]} Qh7 {[%clk 0:47:00]}
12. Nb5 {[%clk 1:17:02]} Bd8 {[%clk 0:46:24]} 13. Bg5 {[%clk 1:15:36]} a6
{[%clk 0:43:36]} 14. e5 {[%clk 0:59:38]} axb5 {[%clk 0:43:12]} 15. Bxb5+
{[%clk 1:00:01]} Nd7 {[%clk 0:36:14]} 16. exd6 {[%clk 0:58:32]} Bxg5
{[%clk 0:20:33]} 17. Rae1+ {[%clk 0:56:36]} Kd8 {[%clk 0:19:15]} 18. dxc7+
{[%clk 0:55:51]} Kxc7 {[%clk 0:19:34]} 19. Qg3+ {[%clk 0:55:11]} Kd8
{[%clk 0:08:19]} 20. Qxg5+ {[%clk 0:55:24]} f6 {[%clk 0:08:25]} 21. Qe3
{[%clk 0:52:50]} g5 {[%clk 0:06:00]} 22. fxg6 {[%clk 0:51:45]} Qg7
{[%clk 0:06:14]} 23. Rd1 {[%clk 0:50:56]} Kc7 {[%clk 0:06:20]} 24. Qe6
{[%clk 0:49:56]} Ra6 {[%clk 0:01:48]} 25. Bxa6 {[%clk 0:49:36]} bxa6
{[%clk 0:02:05]} 26. Rf3 {[%clk 0:49:37]}  1-0

[Event "Prague Open 2022 - A IM Open"]
[Site "Olympik hotel, Prague"]
[Date "2022.01.13"]
[Round "8"]
[Board "17"]
[White "Dev, Shah"]
[Black "Walter, Ema"]
[Result "1-0"]
[WhiteElo "2248"]
[BlackElo "2000"]
[PlyCount "0"]
[EventDate "2022.01.07"]
[EventRounds "9"]
[EventCountry "CZE"]

1. d4 {[%clk 1:29:27]} d5 {[%clk 1:30:30]} 2. c4 {[%clk 1:29:52]} e6
{[%clk 1:30:55]} 3. Nc3 {[%clk 1:30:19]} Nf6 {[%clk 1:31:17]} 4. cxd5
{[%clk 1:30:44]} exd5 {[%clk 1:31:41]} 5. Bg5 {[%clk 1:31:09]} Be7
{[%clk 1:32:03]} 6. e3 {[%clk 1:31:33]} h6 {[%clk 1:32:26]} 7. Bh4
{[%clk 1:30:51]} c6 {[%clk 1:32:47]} 8. Bd3 {[%clk 1:31:03]} O-O {[%clk 1:33:10]}
9. Qc2 {[%clk 1:28:26]} Re8 {[%clk 1:32:06]} 10. Nge2 {[%clk 1:27:24]} Nbd7
{[%clk 1:28:22]} 11. f3 {[%clk 1:25:43]} Nf8 {[%clk 1:25:04]} 12. Bf2
{[%clk 1:23:48]} b6 {[%clk 1:16:00]} 13. O-O {[%clk 1:23:21]} Bb7
{[%clk 1:15:28]} 14. Rad1 {[%clk 1:22:47]} Bd6 {[%clk 1:04:42]} 15. Kh1
{[%clk 1:22:36]} Rc8 {[%clk 0:58:54]} 16. Bf5 {[%clk 1:16:41]} Rc7
{[%clk 0:56:03]} 17. e4 {[%clk 1:16:17]} g6 {[%clk 0:52:19]} 18. Bh3
{[%clk 1:14:34]} Nh5 {[%clk 0:51:37]} 19. e5 {[%clk 1:12:35]} Be7
{[%clk 0:50:23]} 20. Be3 {[%clk 1:12:23]} Kh7 {[%clk 0:47:10]} 21. f4
{[%clk 1:08:35]} f5 {[%clk 0:40:33]} 22. Bxf5 {[%clk 1:08:20]} Bc8
{[%clk 0:35:22]} 23. Bxc8 {[%clk 1:04:19]} Qxc8 {[%clk 0:33:01]} 24. f5
{[%clk 1:04:41]} Bg5 {[%clk 0:31:36]} 25. Bxg5 {[%clk 0:53:49]} hxg5
{[%clk 0:31:59]} 26. fxg6+ {[%clk 0:52:21]} Nxg6 {[%clk 0:31:15]} 27. Rf5
{[%clk 0:52:41]} Kh6 {[%clk 0:26:55]} 28. Rdf1 {[%clk 0:46:31]} Nh4
{[%clk 0:22:24]} 29. R5f2 {[%clk 0:41:20]} Ree7 {[%clk 0:18:36]} 30. g3
{[%clk 0:37:17]} Ng6 {[%clk 0:18:15]} 31. Rf5 {[%clk 0:37:09]} a6
{[%clk 0:12:14]} 32. Qd2 {[%clk 0:37:18]} Nhf4 {[%clk 0:12:01]} 33. Rf6
{[%clk 0:34:11]} Qh3 {[%clk 0:09:15]} 34. Rf2 {[%clk 0:34:14]} Nh5
{[%clk 0:09:05]} 35. R6f3 {[%clk 0:32:43]} Rcd7 {[%clk 0:05:21]} 36. Nd1
{[%clk 0:29:37]} c5 {[%clk 0:04:11]} 37. Ne3 {[%clk 0:29:45]}  1-0

[Event "Prague Open 2022 - A IM Open"]
[Site "Olympik hotel, Prague"]
[Date "2022.01.13"]
[Round "8"]
[Board "21"]
[White "Rousek, Jan"]
[Black "Bomans, Arno"]
[Result "0-1"]
[WhiteElo "1896"]
[BlackElo "2246"]
[PlyCount "0"]
[EventDate "2022.01.07"]
[EventRounds "9"]
[EventCountry "CZE"]

1. d4 {[%clk 1:30:56]} Nf6 {[%clk 1:30:56]} 2. c4 {[%clk 1:31:17]} g6
{[%clk 1:31:17]} 3. g3 {[%clk 1:31:39]} c5 {[%clk 1:30:45]} 4. d5
{[%clk 1:28:12]} d6 {[%clk 1:30:19]} 5. Nc3 {[%clk 1:26:09]} Bg7 {[%clk 1:30:42]}
6. Bg2 {[%clk 1:24:57]} O-O {[%clk 1:30:46]} 7. Nf3 {[%clk 1:22:26]} e6
{[%clk 1:30:33]} 8. O-O {[%clk 1:13:34]} exd5 {[%clk 1:30:52]} 9. Nxd5
{[%clk 1:12:37]} Nxd5 {[%clk 1:25:28]} 10. cxd5 {[%clk 1:01:47]} Re8
{[%clk 1:11:12]} 11. Re1 {[%clk 0:59:45]} Nd7 {[%clk 1:05:34]} 12. e4
{[%clk 0:50:46]} a6 {[%clk 0:58:35]} 13. a4 {[%clk 0:38:18]} Rb8 {[%clk 0:58:54]}
14. a5 {[%clk 0:34:25]} b5 {[%clk 0:58:24]} 15. axb6 {[%clk 0:33:42]} Rxb6
{[%clk 0:57:27]} 16. Rb1 {[%clk 0:33:01]} Rb4 {[%clk 0:53:23]} 17. Nd2
{[%clk 0:25:00]} Ne5 {[%clk 0:50:04]} 18. Qc2 {[%clk 0:23:42]} c4
{[%clk 0:39:37]} 19. Bf1 {[%clk 0:20:49]} Bd7 {[%clk 0:36:30]} 20. Ra1
{[%clk 0:14:45]} Qb6 {[%clk 0:26:51]} 21. Kg2 {[%clk 0:03:36]} Rc8
{[%clk 0:23:59]} 22. f4 {[%clk 0:03:07]} Ng4 {[%clk 0:23:28]} 23. Nxc4
{[%clk 0:01:32]} Rbxc4 {[%clk 0:23:37]} 24. Bxc4 {[%clk 0:01:55]} Rxc4
{[%clk 0:24:04]} 25. Qd2 {[%clk 0:01:00]} Ba4 {[%clk 0:18:55]} 26. Rxa4
{[%clk 0:00:37]} Rxa4 {[%clk 0:19:15]} 27. Qc2 {[%clk 0:00:39]} Rc4
{[%clk 0:17:59]} 28. Qe2 {[%clk 0:00:37]} h5 {[%clk 0:17:10]} 29. h3
{[%clk 0:00:39]} Rxe4 {[%clk 0:17:26]} 30. Qxe4 {[%clk 0:00:34]} Qf2+
{[%clk 0:17:52]} 31. Kh1 {[%clk 0:00:59]} Qh2#  0-1

[Event "Prague Open 2022 - A IM Open"]
[Site "Olympik hotel, Prague"]
[Date "2022.01.13"]
[Round "8"]
[Board "22"]
[White "Oye-Stromberg, Alexander"]
[Black "Kukucka, Matej"]
[Result "1-0"]
[WhiteElo "2238"]
[BlackElo "2104"]
[PlyCount "0"]
[EventDate "2022.01.07"]
[EventRounds "9"]
[EventCountry "CZE"]

1. e4 {[%clk 1:30:53]} e6 {[%clk 1:30:47]} 2. d4 {[%clk 1:30:27]} d5
{[%clk 1:31:08]} 3. Nd2 {[%clk 1:30:34]} a6 {[%clk 1:30:33]} 4. Ngf3
{[%clk 1:29:53]} c5 {[%clk 1:30:56]} 5. exd5 {[%clk 1:29:05]} exd5
{[%clk 1:31:20]} 6. dxc5 {[%clk 1:27:30]} Bxc5 {[%clk 1:31:44]} 7. Nb3
{[%clk 1:24:45]} Bb6 {[%clk 1:31:01]} 8. Be2 {[%clk 1:21:40]} Nf6
{[%clk 1:30:23]} 9. O-O {[%clk 1:21:56]} O-O {[%clk 1:29:37]} 10. Nbd4
{[%clk 1:14:09]} Nc6 {[%clk 1:28:18]} 11. h3 {[%clk 1:13:44]} Qd6
{[%clk 1:26:13]} 12. Be3 {[%clk 1:12:34]} Bc7 {[%clk 1:24:08]} 13. Re1
{[%clk 1:00:12]} Ne4 {[%clk 1:15:44]} 14. Bd3 {[%clk 0:56:10]} f5
{[%clk 1:05:41]} 15. Nxc6 {[%clk 0:55:17]} bxc6 {[%clk 1:05:39]} 16. c4
{[%clk 0:55:10]} Re8 {[%clk 1:02:23]} 17. c5 {[%clk 0:51:05]} Qf8
{[%clk 0:57:48]} 18. b4 {[%clk 0:49:16]} Bd7 {[%clk 0:55:54]} 19. Bd4
{[%clk 0:44:35]} a5 {[%clk 0:53:21]} 20. a3 {[%clk 0:44:57]} h6 {[%clk 0:38:53]}
21. Bb2 {[%clk 0:34:59]} Qf7 {[%clk 0:36:53]} 22. Qc2 {[%clk 0:34:18]} Re7
{[%clk 0:35:51]} 23. Nd4 {[%clk 0:33:42]} Rae8 {[%clk 0:33:16]} 24. b5
{[%clk 0:33:20]} Nxc5 {[%clk 0:31:13]} 25. Rxe7 {[%clk 0:33:41]} Qxe7
{[%clk 0:31:39]} 26. bxc6 {[%clk 0:32:42]} Nxd3 {[%clk 0:28:11]} 27. Qxd3
{[%clk 0:33:07]} Bc8 {[%clk 0:24:46]} 28. Nb5 {[%clk 0:23:01]} Qe1+
{[%clk 0:23:36]} 29. Qf1 {[%clk 0:23:28]} Qxf1+ {[%clk 0:23:37]} 30. Rxf1
{[%clk 0:23:51]} Be5 {[%clk 0:22:12]} 31. Bxe5 {[%clk 0:21:12]} Rxe5
{[%clk 0:22:41]} 32. Nd6 {[%clk 0:21:34]} Ba6 {[%clk 0:20:13]} 33. c7
{[%clk 0:21:53]} Re2 {[%clk 0:18:26]} 34. c8=Q+ {[%clk 0:21:48]} Bxc8
{[%clk 0:18:53]} 35. Nxc8 {[%clk 0:22:11]} Ra2 {[%clk 0:18:19]} 36. Ne7+
{[%clk 0:22:34]} Kf7 {[%clk 0:18:46]} 37. Nxd5 {[%clk 0:22:55]} Rxa3
{[%clk 0:19:13]} 38. Re1 {[%clk 0:22:32]} a4 {[%clk 0:19:22]} 39. Nb6
{[%clk 0:22:36]} Ra2 {[%clk 0:19:37]} 40. g3 {[%clk 0:22:52]} a3 {[%clk 0:19:46]}
41. Nc4 {[%clk 0:23:12]} Kf6 {[%clk 0:19:53]} 42. Kg2 {[%clk 0:23:32]}  1-0